The Way We Were--Kygo (all lyrics) - Statistics

General Stats
  • This quiz has been taken 13 times
  • The average score is 111 of 154
Answer Stats
Answer % Correct
a
100%
can
100%
for
100%
go
100%
I
100%
in
100%
it
100%
it.
100%
like
100%
my
100%
no
100%
no.
100%
not
100%
that
100%
the
100%
way
100%
we
100%
were
100%
were.
100%
where
100%
you
100%
all.
80%
all
80%
at
80%
can't
80%
don't
80%
dream,
80%
ever
80%
I'm
80%
it's
80%
just
80%
know
80%
memories.
80%
night
80%
Oh,
80%
Oh
80%
there
80%
Time
80%
with
80%
your
80%
alive
60%
back,
60%
back
60%
be
60%
chances.
60%
changed
60%
changing,
60%
closed.
60%
darling
60%
darling,
60%
die.
60%
eyes
60%
Guess
60%
hoping
60%
Last
60%
late
60%
life
60%
nothing
60%
out
60%
say
60%
Say
60%
second
60%
through
60%
too
60%
Yeah,
60%
Yeah
60%
yeah
60%
ain't
40%
dancing
40%
Day
40%
end
40%
goes.
40%
let
40%
little
40%
meaning,
40%
means
40%
miss
40%
Start
40%
things.
40%
True,
40%
up
40%
wasting,
40%
wondering
40%
couple
20%
drinks,
20%
drunk,
20%
'em
20%
someday
20%
we'll
20%
No matching quizzes found
Score Distribution
Percent of People with Each Score
Percentile by Number Answered
Your Score History
You have not taken this quiz